Estrategia pura y simple: cómo las empresas ganadoras se imponen

Guardat en:
Dades bibliogràfiques
Autors principals: Robert, Michel (Autor), Dias, Carlos (Autor)
Format: Llibre
Idioma:espanyol
Publicat: Ciudad de México McGraw-Hill 2000
Edició:1a. ed
Matèries:
Etiquetes: Afegir etiqueta
Sense etiquetes, Sigues el primer a etiquetar aquest registre!

MARC

LEADER 00000cam a2200000 a 4500
001 UCD6901
003 CL-VaPUC
008 170303e20000000mx |||||||||||||||||spa|d
020 |a 9701028562 
082 0 4 |a 658.401  |b ROB  |2 21 
100 0 |a Robert, Michel  |e author  |9 590776 
700 0 |a Dias, Carlos  |e author  |9 590777 
245 1 0 |a Estrategia pura y simple: cómo las empresas ganadoras se imponen 
250 |a 1a. ed 
300 |a 275 p 
942 |c BK 
945 |d 20170303 17:35:00  |a dcastane 
260 |a Ciudad de México  |b McGraw-Hill  |c 2000 
650 0 |a Planificación estratégica   |9 259735 
650 0 |a Competencia económica internacional  |9 263771 
650 0 |a Exito en los negocios   |9 271740 
583 |a last modification  |c 20170303 17:35:00  |k Rodrigo Vera 
999 |c 367078  |d 367076 
952 |0 0  |1 0  |3 erb  |4 0  |6 658_401000000000000_ROB_2000  |7 0  |8 A  |9 481761  |a BIBENE  |b BIBENE  |i 532940K  |o 658.401 ROB 2000  |p 532940K  |r 2025-01-15  |w 2019-11-24  |y BK  |z Catalogado en:20170303  |k ICO